000 00476nam a2200181 4500
003 SEACOMMC
005 20250425124720.0
008 241123b |||||||| |||| 00| 0 eng d
020 _a0-33393-477-6
_cRs.98.00
040 _aSEACOMMC
082 _a428.2
_bG 977
100 _aGupta, Nilanjana
245 1 _aEnglish for All
_c Nilanjana Gupta
250 _arev.ed.
260 _aCalcutta
_b Macmillan
_c 2000
650 _aEnglish language -- Study and teaching
942 _cBOOK
999 _c785
_d785